000 00608nam a22002537a 4500
003 UA-OsUOA
001 24128
007 ta
008 20040209b un ||||| |||| 00| 0 ukr d
100 _aБушен А.
090 _a78.071
_bБ94
942 _cBK
040 _aUA-OsUOA
_brus
_cUA-OsUOA
_dUA-OsUOA
245 _aМолодой Верди: Рождение оперы: Роман
300 _a368 с.
955 _a0
041 _arus
080 _a78.071
020 _a5-7140-0036-6
260 _aЛенинград
_bМузыка
_c1989
044 _aRU
650 7 _2UDC
999 _c310393
_d310393